Venus : 14 variedades : catorce caracteres prácticos y únicos en su clase que resultan una acertada creación del grupo denominado 'palo seco', hoy tan en boga ... / Fundición Tipográfica Neufville 14 variedades :
Descripción Física:
[42] p. : il. ; 27 cm
MARC
| LEADER | 00000nam a2200000Ia 4500 | ||
|---|---|---|---|
| 001 | 13926 | ||
| 008 | 160829s9999 xx 000 0 cat d | ||
| 080 | |a C-2-234 | ||
| 110 | 2 | |a Neufville (Firma) |9 55776 | |
| 245 | |a Venus : |b 14 variedades : |b catorce caracteres prácticos y únicos en su clase que resultan una acertada creación del grupo denominado 'palo seco', hoy tan en boga ... / Fundición Tipográfica Neufville | ||
| 260 | |a Barcelona : |b la Fundición, [19-- ?] | ||
| 300 | |a [42] p. : |b il. ; |c 27 cm | ||
| 610 | 2 | 0 | |a Neufville (Firma) |v Catàlegs |9 55777 |
| 650 | |a Tipus d'impremta |x Catàlegs |9 24273 | ||
| 650 | |a Composició tipogràfica |9 38867 | ||
| 901 | |a Arxiu | ||
| 942 | |n 1 | ||
| 952 | |0 0 |1 0 |4 0 |6 C2234 |7 1 |9 48646 |a Arxiu |b Arxiu |d 2016-12-01 |l 0 |o C-2-234 |p 13926 |r 2016-12-01 00:00:00 |w 2016-12-01 |y ARXIU | ||
| 999 | |c 52476 |d 52476 | ||